000 00440nam a2200169Ia 4500
005 20250508150714.0
008 008 250505s9999 xx 000 0 eng d
037 _aTextual
040 _aFEDL
_beng
_cFEDL
041 _aeng
_2eng
084 _a294.5, BHA
_qFEDL
245 0 _aBhagavad-gita
260 _aLondon, UK
_bPhoenix House Ltd
_c1947
300 _a185p.
942 _cTEXL
_h294.5, BHA
999 _c1325170
_d1325170